000 00215 a2200097 4500
001 28394
100 _aSchneider, P J
245 _aConduction heat transfer
260 _a
_bAddison Wesley
_c
090 _c19002
_d19002
942 _aNUST-CAE
_cM
_c10006
999 _c263467
_d263467